000 002640000a22000970004500
100 1 _aHolter, Knut
245 1 0 _aZur funktion der städte Judas in Jesaja 40:9
300 _aVol. 46, Num. 1 (Enero, 1996), Páginas 119-121
773 0 _tVetus Testamentum
942 _cANA
999 _c58023
_d58023